| 000 | 01265nam a22003497a 4500 | ||
|---|---|---|---|
| 003 | CHAP | ||
| 005 | 20220329134404.0 | ||
| 008 | 971013s1971 r 00010 d | ||
| 010 | _a19792 | ||
| 011 | _a20764 | ||
| 035 | _a24853 | ||
| 040 | _cCHAP | ||
| 082 |
_a330.9 _bJ65Y 1971 |
||
| 100 | 0 | 0 |
_aJones, Clarence Fielden. _961986 |
| 245 | _aGeografía económica | ||
| 260 |
_aMéxico, D.F. : _bFondo de Cultura Económica, _c1971 |
||
| 300 |
_a1018 p. _b: ilus. |
||
| 500 | _aTrad. de la 3 ed. corr. y aum. en inglés de 1971 | ||
| 590 |
_aBATCH-UPD _b10 _c20130110 _lUCH01 _h0153 |
||
| 590 |
_aBATCH-UPD _b10 _c20130110 _lUCH01 _h1330 |
||
| 590 |
_aBATCH-UPD _b10 _c20130410 _lUCH01 _h0835 |
||
| 590 |
_aBATCH-UPD _b10 _c20130914 _lUCH01 _h1136 |
||
| 590 |
_aCONVERSION _b10 _c20130109 _lUCH01 _h1312 |
||
| 650 | 1 | 4 |
_aGeografía económica. _947575 |
| 700 | 0 |
_aDarkenwald, Gordon Gerard. _931083 |
|
| 901 | _aBK | ||
| 942 | _cLIBRO | ||
| 949 |
_a330.9 J65Y 1971 _bBC _cLIBRO _d33724000317681 _eLIBRO _fc.3 _h34176 _i24853 _si |
||
| 949 |
_a330.9 J65Y 1971 _bBC _cLIBRO _d33724000317699 _eLIBRO _h29583 _i24853 _si |
||
| 949 |
_a330.9 J65Y 1971 _bBC _cLIBRO _d33724000317707 _eLIBRO _fc.2 _h34070 _i24853 _si |
||
| 949 |
_a330.9 J65Y 1971 _bBC _cMUT _d-57535 _eMUT _fc.4 _h40230 _i24853 _si |
||
| 999 |
_c19792 _d19792 |
||